Strategic management : (Record no. 1501)
[ view plain ]
| 000 -LEADER | |
|---|---|
| fixed length control field | 01164cam a2200313 a 4500 |
| 001 - CONTROL NUMBER | |
| control field | 15791754 |
| 003 - CONTROL NUMBER IDENTIFIER | |
| control field | GZU |
| 005 - DATE AND TIME OF LATEST TRANSACTION | |
| control field | 20201019094228.0 |
| 008 - FIXED-LENGTH DATA ELEMENTS--GENERAL INFORMATION | |
| fixed length control field | 090625s2010 nyua b 001 0 eng |
| 010 ## - LIBRARY OF CONGRESS CONTROL NUMBER | |
| LC control number | 2009026612 |
| 020 ## - INTERNATIONAL STANDARD BOOK NUMBER | |
| International Standard Book Number | 9780077246266 (alk. paper) |
| 020 ## - INTERNATIONAL STANDARD BOOK NUMBER | |
| International Standard Book Number | 0077246268 (alk. paper) |
| 035 ## - SYSTEM CONTROL NUMBER | |
| System control number | (OCoLC)ocn286444448 |
| 040 ## - CATALOGING SOURCE | |
| Original cataloging agency | DLC |
| Transcribing agency | DLC |
| Modifying agency | BTCTA |
| -- | C#P |
| -- | YDXCP |
| -- | DLC |
| 050 00 - LIBRARY OF CONGRESS CALL NUMBER | |
| Classification number | HD30.28 |
| Item number | .DES 2010 |
| 082 00 - DEWEY DECIMAL CLASSIFICATION NUMBER | |
| Classification number | 658.4/012 |
| Edition number | 22 |
| 100 1# - MAIN ENTRY--PERSONAL NAME | |
| Personal name | Dess, Gregory G. |
| 245 10 - TITLE STATEMENT | |
| Title | Strategic management : |
| Remainder of title | creating competitive advantages / |
| Statement of responsibility, etc. | Gregory G. Dess, G.T. Lumpkin, Alan B. Eisner. |
| 250 ## - EDITION STATEMENT | |
| Edition statement | 5th ed. |
| 260 ## - PUBLICATION, DISTRIBUTION, ETC. | |
| Place of publication, distribution, etc. | New York : |
| Name of publisher, distributor, etc. | McGraw-Hill Irwin, |
| Date of publication, distribution, etc. | c2010. |
| 300 ## - PHYSICAL DESCRIPTION | |
| Extent | xxx, 502, I-26 p. : |
| Other physical details | col. ill. ; |
| Dimensions | 26 cm. |
| 504 ## - BIBLIOGRAPHY, ETC. NOTE | |
| Bibliography, etc. note | Includes bibliographical references and indexes. |
| 650 #0 - SUBJECT ADDED ENTRY--TOPICAL TERM | |
| Topical term or geographic name entry element | Strategic planning. |
| 700 1# - ADDED ENTRY--PERSONAL NAME | |
| Personal name | Lumpkin, G. T. |
| 700 1# - ADDED ENTRY--PERSONAL NAME | |
| Personal name | Eisner, Alan B. |
| 906 ## - LOCAL DATA ELEMENT F, LDF (RLIN) | |
| a | 7 |
| b | cbc |
| c | orignew |
| d | 1 |
| e | ecip |
| f | 20 |
| g | y-gencatlg |
| 942 ## - ADDED ENTRY ELEMENTS (KOHA) | |
| Source of classification or shelving scheme | Library of Congress Classification |
| Koha item type | Books |
| Edition | 5th ed. |
| Classification part | 30.28 |
| Item part | DES |
| Call number prefix | HD |
| Withdrawn status | Lost status | Source of classification or shelving scheme | Damaged status | Not for loan | Collection code | Home library | Current library | Shelving location | Date acquired | Total Checkouts | Full call number | Barcode | Date last seen | Date last checked out | Copy number | Price effective from | Koha item type | Inventory number |
|---|---|---|---|---|---|---|---|---|---|---|---|---|---|---|---|---|---|---|
| Library of Congress Classification | Non-fiction | City Campus Library | City Campus Library | General Stacks | 10/19/2020 | 1 | HD30.28 DES 2010 | 003694 | 11/10/2022 | 11/02/2022 | c.1 | 10/19/2020 | Books | |||||
| Library of Congress Classification | Non-fiction | City Campus Library | City Campus Library | General Stacks | 10/19/2020 | 1 | HD30.28 DES 2010 | 003695 | 04/22/2023 | 04/19/2023 | c. 2 | 10/19/2020 | Books | |||||
| Library of Congress Classification | Non-fiction | City Campus Library | City Campus Library | General Stacks | 10/19/2020 | HD30.28 DES 2010 | 003690 | 10/19/2020 | c. 3 | 10/19/2020 | Books | |||||||
| Library of Congress Classification | Non-fiction | City Campus Library | City Campus Library | General Stacks | 10/19/2020 | HD 30.28 DES 2010 | 007800 | 10/19/2020 | c. 4 | 10/19/2020 | Books | |||||||
| Library of Congress Classification | Non-fiction | City Campus Library | City Campus Library | General Stacks | 10/19/2020 | HD30.28 DES 2010 | 003691 | 10/19/2020 | C. 5 | 10/19/2020 | Books | |||||||
| Library of Congress Classification | Non-fiction | City Campus Library | City Campus Library | General Stacks | 10/19/2020 | HD30.28 DES 2010 | 003692 | 10/19/2020 | c. 6 | 10/19/2020 | Books | |||||||
| Library of Congress Classification | Non-fiction | Mashava Campus Library | Mashava Campus Library | General Stacks | 05/06/2021 | HD30.28 DES 2010 | 007792 | 05/06/2021 | c. 7 | 05/06/2021 | Books | 15710 | ||||||
| Library of Congress Classification | Non-fiction | Mashava Campus Library | Mashava Campus Library | General Stacks | 05/06/2021 | HD30.28 DES 2010 | 007795 | 05/06/2021 | c. 8 | 05/06/2021 | Books | 15713 | ||||||
| Library of Congress Classification | Non-fiction | Mashava Campus Library | Mashava Campus Library | General Stacks | 05/06/2021 | HD30.28 DES 2010 | 003693 | 05/06/2021 | c. 9 | 05/06/2021 | Books | 18219 | ||||||
| Library of Congress Classification | Non-fiction | Mashava Campus Library | Mashava Campus Library | General Stacks | 05/06/2021 | HD30.28 DES 2010 | 007797 | 05/06/2021 | c. 10 | 05/06/2021 | Books | 15716 | ||||||
| Library of Congress Classification | Non-fiction | Mashava Campus Library | Mashava Campus Library | General Stacks | 05/06/2021 | HD30.28 DES 2010 | 007798 | 05/06/2021 | c. 11 | 05/06/2021 | Books | 15719 | ||||||
| Library of Congress Classification | Non-fiction | Mashava Campus Library | Mashava Campus Library | General Stacks | 05/06/2021 | HD30.28 DES 2010 | 007806 | 05/06/2021 | c. 12 | 05/06/2021 | Books | 15714 | ||||||
| Library of Congress Classification | Non-fiction | Mashava Campus Library | Mashava Campus Library | General Stacks | 05/06/2021 | HD30.28 DES 2010 | 007809 | 05/06/2021 | c. 13 | 05/06/2021 | Books | 15718 | ||||||
| Library of Congress Classification | Non-fiction | Mashava Campus Library | Mashava Campus Library | General Stacks | 05/06/2021 | HD30.28 DES 2010 | 007803 | 05/06/2021 | c. 14 | 05/06/2021 | Books | 15715 | ||||||
| Library of Congress Classification | Non-fiction | Mashava Campus Library | Mashava Campus Library | General Stacks | 05/06/2021 | HD30.28 DES 2010 | 007801 | 05/06/2021 | c. 15 | 05/06/2021 | Books | 15717 |